Известия Биолого-географического научно-исследовательского института при Государственном Иркутском университете. Т.2, Вып.3: Внутри-родовые отношения у северных бурят (Запись № 2583423)

Подробности
000 -МАРКЕР
контрольное поле 01879nam2a22002651 4500
001 - ИДЕНТИФИКАТОР ЗАПИСИ
контрольное поле RU\NLR\INFOCOMM4\1000433435
005 - ИДЕНТИФИКАТОР ВЕРСИИ
контрольное поле 20250617054956.0
035 ## - ДРУГИЕ СИСТЕМНЫЕ НОМЕРА
Идентификатор записи (NLR Aleph) 002499889
100 ## - ДАННЫЕ ОБЩЕЙ ОБРАБОТКИ
Данные общей обработки 20040109d1926 |||y0rusy50 ca
101 0# - ЯЗЫК РЕСУРСА
Язык текста, звукозаписи и т.д. русский
102 ## - СТРАНА ПУБЛИКАЦИИ ИЛИ ПРОИЗВОДСТВА
Страна публикации Российская Федерация
105 ## - ПОЛЕ КОДИРОВАННЫХ ДАННЫХ: ТЕКСТОВЫЕ МАТЕРИАЛЫ, МОНОГРАФИЧЕСКИЕ
Кодированные данные о монографическом текстовом документе y |||||||||
200 1# - ЗАГЛАВИЕ И СВЕДЕНИЯ ОБ ОТВЕТСТВЕННОСТИ
Основное заглавие Внутри-родовые отношения у северных бурят
Первые сведения об ответственности Б.И. Петри
210 ## - ПУБЛИКАЦИЯ, РАСПРОСТРАНЕНИЕ И ДР.
Дата издания, распространения и т.д. 1926
Место издания, распространения и т.д. Б. м.
423 #0 - ИЗДАЕТСЯ В ОДНОЙ ОБЛОЖКЕ ВМЕСТЕ С ...
Встроенное поле 2001#$aОтчет о деятельности Биолого-географического научно-исследовательского института при Государственном Иркутском университете за 1924-25г.
-- 210##$d1926
Заглавие Отчет о деятельности Биолого-географического научно-исследовательского института при Государственном Иркутском университете за 1924-25г.
461 #0 - УРОВЕНЬ НАБОРА
Встроенное поле 001RU\NLR\INFOCOMM4\1000433428
-- 2001#$aИзвестия Биолого-географического научно-исследовательского института при Государственном Иркутском университете$vТ.2, Вып.3
Системный номер (АБИС) связанной записи 2583362
Автор Биолого-географический научно-исследовательский институт (Иркутск)
Место публикации Иркутск
Дата публикации 1924-1971
Заглавие Известия Биолого-географического научно-исследовательского института при Государственном Иркутском университете
Номер тома Т.2, Вып.3
700 #1 - ИМЯ ЛИЦА - ПЕРВИЧНАЯ ОТВЕТСТВЕННОСТЬ
Начальный элемент ввода Петри
Часть имени, кроме начального элемента ввода Б.И.
Код отношения Автор
801 #1 - ИСТОЧНИК ЗАПИСИ
Страна Российская Федерация
Организация InfoComm
Дата составления 20040109
801 #0 - ИСТОЧНИК ЗАПИСИ
Страна Российская Федерация
Организация NLR
Правила каталогизации PSBO
852 ## - МЕСТОНАХОЖДЕНИЕ И ШИФР ХРАНЕНИЯ
Идентификатор организации NLR
Шифр хранения (Call Number) П19/13
942 ## - ДОПОЛНИТЕЛЬНЫЕ ЭЛЕМЕНТЫ ЗАПИСИ (АБИС)
Тип экземпляра АБИС Выпуск
980 ## - КОЛЛЕКЦИЯ
Название коллекции Национальная библиография
980 ## - КОЛЛЕКЦИЯ
Название коллекции Русская периодика

Нет доступных экземпляров.